عرض عادي عرض مارك
  • Gothic fiction.

مدخل تقسيم شكلي

عدد التسجيلات المستخدمة في: 5

001 - رقم الضبط

  • حقل الضبط: 5032

003 - معرف رقم الضبط

  • حقل الضبط: OSt

005 - تاريخ ووقت أخر عملية

  • حقل الضبط: 20110929013639.0

008 - عناصر بيانات ثابتة الطول

  • حقل تحكم ثابت الطول: 110929|||a|||||| | ||| d

040 ## - مصدر الفهرسة

  • هيئة الفهرسة الأصلية: OSt
  • وكالة الكتابة: OSt

155 ## - الراس-نوع ادبي/مصطلح شكلي

  • النوع الادبي/المصطلح الشكلي: Gothic fiction.

670 ## - بيانات المصدر موجوده

  • الاستشهاد بالمصدر: Work cat.: (OSt)1046: Faulkner, William, 1897-1962. 5028, A rose for Emily /, c2000.